| 000 | 01780nam a2200253 a 4500 | ||
|---|---|---|---|
| 008 | 090518s1978 ||||||||||||||||| || u | ||
| 050 | _aGOV.ZAM(058)FR/1976A | ||
| 110 | _aGovernment of the Republic of Zambia. Ministry of Finance and National Planning | ||
| 245 | 1 | 0 | _aRepublic of Zambia financial report for the year ended 31st December, (1976, 1977, 1978, 1979, 1981, 1982, 1983, 1984, 1985, 1986) |
| 260 |
_aLusaka: _bGovernment Printer _c1978 |
||
| 300 | _avii, 544p.: ill. | ||
| 350 | _a0.00 | ||
| 500 | _aLIBRARY HOLDINGS: 1976, 1977, 1978, 1979, 1981, 1982, 1983, 1984, 1985, 1986 | ||
| 650 | 0 | _aAFRICA--ECONOMIC CONDITIONS | |
| 650 | _aZAMBIA--ECONOMIC CONDITIONS | ||
| 650 | _aEXPENDITURES, PUBLIC--ZAMBIA | ||
| 650 | _aZAMBIA--APPROPRIATIONS AND EXPENDITURES | ||
| 995 |
_aSPECIAL COLLECTIONS _D0.00 _e03003972 _FCBU-MAIN LIBRARY (Kitwe) _H1 _I0.00 _jGOV.ZAM(058)FR/1976B _M2 _UAVAILABLE _WMay 18, 2009 _y03003972 _ZZambiana Collection |
||
| 995 |
_aSPECIAL COLLECTIONS _D0.00 _e03003960 _FCBU-MAIN LIBRARY (Kitwe) _H1 _I0.00 _jGOV.ZAM(058)FR/1979 _M6 _UAVAILABLE _WMay 18, 2009 _y03003960 _ZZambiana Collection |
||
| 995 |
_aSPECIAL COLLECTIONS _D0.00 _e03003957 _FCBU-MAIN LIBRARY (Kitwe) _H1 _I0.00 _jGOV.ZAM(058)FR/1978A _M4 _UAVAILABLE _WMay 18, 2009 _y03003957 _ZZambiana Collection |
||
| 995 |
_aSPECIAL COLLECTIONS _D0.00 _e03003959 _FCBU-MAIN LIBRARY (Kitwe) _H1 _I0.00 _jGOV.ZAM(058)FR/1978B _M5 _UAVAILABLE _WMay 18, 2009 _y03003959 _ZZambiana Collection |
||
| 995 |
_aSPECIAL COLLECTIONS _D0.00 _e03003956 _FCBU-MAIN LIBRARY (Kitwe) _H1 _I0.00 _jGOV.ZAM(058)FR/1977 _M3 _UAVAILABLE _WMay 18, 2009 _y03003956 _ZZambiana Collection |
||
| 995 |
_aSPECIAL COLLECTIONS _D0.00 _e03003971 _FCBU-MAIN LIBRARY (Kitwe) _H1 _I0.00 _jGOV.ZAM(058)FR/1976A _M1 _UAVAILABLE _WMay 18, 2009 _y03003971 _ZZambiana Collection |
||
| 999 |
_c80118 _d80118 |
||